ARRUPE JESUIT UNIVERSITY

CORONAVIRUS -STOP THE SPREAD - CLEAN,DISINFECT,COVER

The social and political thought of Karl Marx (Record no. 13343)

MARC details
000 -LEADER
fixed length control field 00533nam a2200205Ia 4500
003 - CONTROL NUMBER IDENTIFIER
control field 0100
008 - FIXED-LENGTH DATA ELEMENTS--GENERAL INFORMATION
fixed length control field 130303s9999 xx 000 0 und d
040 ## - CATALOGING SOURCE
Transcribing agency ARRUPELIB
050 ## - LIBRARY OF CONGRESS CALL NUMBER
Classification number HX39.5.A853
300 ## - PHYSICAL DESCRIPTION
Other physical details 269p. 23cm.
100 ## - MAIN ENTRY--PERSONAL NAME
Personal name Avineri, Shlomo
245 #4 - TITLE STATEMENT
Title The social and political thought of Karl Marx
260 ## - PUBLICATION, DISTRIBUTION, ETC. (IMPRINT)
Place of publication, distribution, etc Cambridge
260 ## - PUBLICATION, DISTRIBUTION, ETC. (IMPRINT)
Name of publisher, distributor, etc At the University Press
260 ## - PUBLICATION, DISTRIBUTION, ETC. (IMPRINT)
-- 1968
300 ## - PHYSICAL DESCRIPTION
Extent viii
440 ## - SERIES STATEMENT/ADDED ENTRY--TITLE
Title Cambridge studies in the history and theory of politics
650 ## - SUBJECT ADDED ENTRY--TOPICAL TERM
Topical term following geographic name as entry element Autobiography
942 00 - ADDED ENTRY ELEMENTS (KOHA)
Koha issues (borrowed), all copies 5
Holdings
Withdrawn status Lost status Source of classification or shelving scheme Damaged status Not for loan Collection code Home library Current library Shelving location Date acquired Total Checkouts Full call number Barcode Date last seen Date checked out Copy number Price effective from Koha item type
    Library of Congress Classification     Main Collection ARRUPE LIBRARY ARRUPE LIBRARY   04/03/2013 3 HX39.5.A853 46003048170 30/04/2018 12/04/2017 1 04/03/2013 Monograph ( Printed materials)
    Library of Congress Classification     Main Collection ARRUPE LIBRARY ARRUPE LIBRARY   04/03/2013 3 HX39.5.A853 46402545 30/04/2018 19/03/2015 2 04/03/2013 Monograph ( Printed materials)

 

Arrupe Library. PO Box MP320 Mt Pleasant, Harare, Zimbabwe
263 242 745411|librarian@aju.ac.zw